Gares sur la ligne de Strasbourg à S-Dié-des-Vosges - Statistiques

Statistiques générales
  • Ce quiz a été pris 27 fois
  • Le résultat moyen est 13 sur 24
Statistiques - réponses
Département Gare % Correct
(67) Molsheim
96%
Bas-Rhin (67) Strasbourg-Ville
96%
Vosges (88) Saint-Dié-des-Vosges
92%
(67) Rothau
72%
(67) Mutzig
68%
Bas-Rhin (67) Saales
68%
(67) Fouday
60%
(67) Schirmeck - La Broque
60%
(67) Urmatt
60%
(67) Bourg-Bruche
56%
(67) Entzheim-Aéroport
56%
(67) Saint-Blaise-la-Roche - Poutay
56%
(67) Muhlbach/Bruche - Lutzelhouse
52%
(67) Wisches
52%
(67) Lingolsheim
48%
(67) Gresswiller
44%
(67) Heiligenberg - Mollkirch
44%
(67) Dachstein
40%
(67) Duttlenheim - Ernolsheim/Bruche
40%
Vosges (88) Provenchères-sur-Fave
40%
(67) Duppigheim
36%
(67) Mullerhof
36%
(67) Russ - Hersbach
32%
(67) Strasbourg-Roethig
32%
Aucun quiz correspondant
Distribution des résultats
% des personnes avec chaque résultat
Percentile par nombre de réponses
Votre historique - résultats
Vous n’avez pas pris ce quiz